000 00826nam a2200181 4500
001 131516
003 ES-MaACL
005 20230906194009.0
007 t|
008 070214s1962 cu r ||||1| spa d
100 1 _aRodríguez Expósito, César.
_998510
245 1 0 _aDr. Ramón L. Miranda
_b: (médico de Martí) /
_cdiscurso leído por César Rodríguez Expósito en la sesión solemne de su ingreso [en la Academia de la Historia de Cuba] como Académico de Número, el día 20 de diciembre de 1960 ; contestación en nombre de la corporación por Manuel I. Mesa Rodríguez.
260 _aLa Habana :
_bAcademia de la Historia de Cuba,
_c1962.
300 _a54 p. ;
_c25 cm.
700 1 _aMesa Rodríguez, Manuel I.
_980641
710 2 _aAcademia de la Historia de Cuba.
_91183
852 _aES-MaACL
_jC-37968
_bR.76744
999 _c131516
_d131516